000 01474nam a2200457 i 4500
001 37386
003 KOSZ 005
005 20210518140706.0
008 000928s2000 pl f |000 0 pol
015 _aUWD 2000/20808
020 _a8385946888
035 _a991014798619705066
035 _a(PL-WaBN)b13976643-48omnis_nlop
035 _ab13976643
035 _a(OCoLC)749800681
035 _azz2007794707
035 _a(PL)b0000001397664
035 _a(EXLNZ-48OMNIS_NETWORK)9910357449705606
040 _aWA N
_cWA N
_dKOSZ 005/HR
041 0 _apol
046 _k2000
080 _a346(438)
100 1 _aSommer, Jerzy
_d(1938-2011)
_eKomentarz
245 1 0 _aPrawo działalności gospodarczej :
_bkomentarz /
_cJerzy Sommer, Krystyna Stoga, Radosław Potrzeszcz.
260 _aWarszawa :
_b"Twigger",
_c2000.
300 _a352 s. ;
_c21 cm.
336 _aTekst
_btxt
_2rdacontent
337 _aBez urządzenia pośredniczącego
_bn
_2rdamedia
338 _aWolumin
_bnc
_2rdacarrier
380 _aKsiążki
388 _a1901-2000
388 _a1989-2000
650 7 _aPrawo gospodarcze
_2DBN
651 7 _aPolska
_2DBN
658 _aPrawo i wymiar sprawiedliwości
700 1 _aPotrzeszcz, Radosław
_eKomentarz
700 1 _aStoga, Krystyna
_eKomentarz
856 _uhttp://koha.tu.koszalin.pl/cgi-bin/koha/opac-detail.pl?biblionumber=37386
_yKatalog online BPK
942 _2UKD
_cKS
999 _c37386
_d37386